00323nam a2200121Ia 4500008004100000041000800041082001400049100002000063245004500083260004000128300002400168365000900192240624s9999 xx 000 0 und d aeng a332.6 DEB aDEBOECK GUIDO J aTRADING ON THE EDGE NEURAL GENETIC AND F c1994aNew YorkbJohn Wiley and Sons a377 : p. : cm. ; 24 cb30